Aventura de un cantante (Record no. 154985)
[ view plain ]
| 000 -LEADER | |
|---|---|
| campo de control de longitud fija | 00911nam a22001815i 4500 |
| 001 - NÚMERO DE CONTROL | |
| campo de control | 154985 |
| 003 - IDENTIFICADOR DE NÚMERO DE CONTROL | |
| campo de control | ES-MaACL |
| 005 - FECHA Y HORA DE LA ÚLTIMA TRANSACCIÓN | |
| campo de control | 20251115063310.0 |
| 008 - DATOS DE LONGITUD FIJA--INFORMACIÓN GENERAL | |
| campo de control de longitud fija | 000718s1854 sp |||| | spa d |
| 040 ## - FUENTE DE CATALOGACIÓN | |
| Centro catalogador/agencia de origen | AR |
| Lengua de catalogación | spa |
| Centro/agencia transcriptor | AR |
| 100 1# - ENTRADA PRINCIPAL--NOMBRE DE PERSONA | |
| Nombre de persona | Gutiérrez de Alba, José María, |
| Fechas asociadas al nombre | 1822-1897 |
| 9 (RLIN) | 127661 |
| 245 10 - MENCIÓN DEL TÍTULO | |
| Título | Aventura de un cantante |
| Resto del título | : entremés lirico-dramático (episodio histórico de la vida de José María) original y en verso / |
| Mención de responsabilidad, etc. | por Jose Maria Gutierrez de Alba ; música de Francisco A. Barbieri. |
| 260 ## - PUBLICACIÓN, DISTRIBUCIÓN, ETC. | |
| Lugar de publicación, distribución, etc. | Madrid : |
| Nombre del editor, distribuidor, etc. | Circulo Literario Comercial, |
| Fecha de publicación, distribución, etc. | 1854 ( |
| Fabricante | Imp. á cargo de C. Gonzalez) |
| 300 ## - DESCRIPCIÓN FÍSICA | |
| Extensión | 19 p. ; |
| Dimensiones | 19 cm. |
| 700 1# - ENTRADA AGREGADA--NOMBRE PERSONAL | |
| Nombre de persona | Barbieri, Francisco A., |
| Fechas asociadas al nombre | 1823-1894 |
| 9 (RLIN) | 25463 |
| 852 ## - LOCALIZACIÓN | |
| Ubicación | ES-MaACL |
| Número de control de estantería | F-8551(1) |
| Nota libre | -- Enc. pasta española |
| condición física | -- Falto de la cub. original |
| Nota libre | -- Enc. en un vol. facticio, formando parte de la col. facticia "Teatro español moderno", vol. 3 |
| Estatus retirado | Estado de pérdida | Estado de daño | No para préstamo | Colección | Biblioteca de origen | Biblioteca actual | Ubicación en estantería | Fecha de adquisición | Total de préstamos | Signatura topográfica completa | Código de barras | Visto por última vez | Precio de reemplazo | Tipo de ítem Koha |
|---|---|---|---|---|---|---|---|---|---|---|---|---|---|---|
| Libros del s. XIX | Biblioteca del Ateneo de Madrid | Biblioteca del Ateneo de Madrid | Sala Pecera Planta 2 | 17/01/2008 | F-8551(3) | 1162120 | 23/02/2023 | 23/02/2023 | Libro impreso antiguo |
